000 00272nam a22001217a 4500
008 170710b xxu||||| |||| 00| 0 eng d
041 _aeng
080 _a82
100 _a22
101 _aGJL
245 _aGREAT BOOKS THE WESTERN WORLD
_cMILL.J.S
942 _2udc
_cBK
999 _c20099
_d20099